Music Quiz

Random Music or Bands Quiz
Score 0/10 Timer 06:00
0 Plays Today
% Correct
Nirvana
92.9%
Nine Inch Nails
73.2%
Soundgarden
66.1%
Pixies
53.6%
Radiohead
44.6%
Joy Division
39.3%
My Bloody Valentine
35.7%
Smashing Pumpkins
25%
Modest Mouse
19.6%
Slowdive
19.6%
Come Together.
Have Fun.
All Virtual.
We all need to come together. Play Sporcle's virtual live trivia to have fun, connect with people, and get your trivia on. Join a live hosted trivia game for your favorite pub trivia experience done virtually. If a virtual private party is more your thing, go here for details.

You're not logged in!

Compare scores with friends on all Sporcle quizzes.
OR
Log In

Sporcle TV

Today on Sporcle TV


Watch our educational content, quiz creation guides, and fun videos on Sporcle TV.

Show Comments

Extras

Top Quizzes Today


Score Distribution

Paid Content

Your Account Isn't Verified!

In order to create a playlist on Sporcle, you need to verify the email address you used during registration. Go to your Sporcle Settings to finish the process.

Report this User

Report this user for behavior that violates our Community Guidelines.

Details: